| 000 | 00690nam a2200193 4500 | ||
|---|---|---|---|
| 001 | 107077 | ||
| 003 | ES-MaACL | ||
| 007 | t| | ||
| 008 | 061121s1957 sp r ||||1| spa d | ||
| 100 | 1 |
_aMorgan, Charles. _983510 |
|
| 245 | 1 | 0 | _aObras de Charles Morgan. |
| 260 |
_aBarcelona : _bJosé Janés, _c1957-1958. |
||
| 300 |
_a2 v. ; _c18 cm. |
||
| 490 | 1 | _aMaestros de hoy | |
| 505 | 8 | _aContiene: V. 1. Retrato de un espejo - La fuente - Sparkenbroke - La estancia vacía - La historia del juez -- v. 2. El viaje - El camino secreto - Imágenes de un espejo - El río deslumbrante | |
| 830 | 0 |
_aMaestros de hoy _9182411 |
|
| 852 |
_aES-MaACL _jP-450 _bR.41894 |
||
| 999 |
_c107077 _d107077 |
||